All systems go for RICS Antiques and Fine Arts Faculty (Record no. 65991)
[ view plain ]
| 000 -LEADER | |
|---|---|
| fixed length control field | 00805cam a2200205 4500 |
| 001 - CONTROL NUMBER | |
| control field | WB3705-35 |
| 008 - FIXED-LENGTH DATA ELEMENTS--GENERAL INFORMATION | |
| fixed length control field | 000000n2001 000 0 eng u |
| 035 ## - SYSTEM CONTROL NUMBER | |
| System control number | (Sirsi) u110723 |
| 245 ## - TITLE STATEMENT | |
| Title | All systems go for RICS Antiques and Fine Arts Faculty |
| 260 ## - PUBLICATION, DISTRIBUTION, ETC. | |
| Date of publication, distribution, etc. | 2001 |
| 490 ## - SERIES STATEMENT | |
| Series statement | RICS Press Release |
| Volume/sequential designation | (pr011) 1 February 2001, (2) |
| 520 ## - SUMMARY, ETC. | |
| Summary, etc. | Under the chairmanship of Jonathan Meyer, the new Antiques and Fine Arts faculty of the RICS is now up and running. At the outset of January 2001, the seven traditional divisions of the RICS were replaced by sixteen specialist faculties. Meyer's faculty will service 1260 RICS members. |
| 590 ## - LOCAL NOTE (RLIN) | |
| Local note | WB |
| 650 ## - SUBJECT ADDED ENTRY--TOPICAL TERM | |
| Topical term or geographic name entry element | ABOUT RICS |
| 650 ## - SUBJECT ADDED ENTRY--TOPICAL TERM | |
| Topical term or geographic name entry element | FACULTIES |
| 650 ## - SUBJECT ADDED ENTRY--TOPICAL TERM | |
| Topical term or geographic name entry element | Arts and antiques |
| 9 (RLIN) | 6217 |
| 650 ## - SUBJECT ADDED ENTRY--TOPICAL TERM | |
| Topical term or geographic name entry element | FINE ARTS |
| 690 ## - LOCAL SUBJECT ADDED ENTRY--TOPICAL TERM (OCLC, RLIN) | |
| Topical term or geographic name as entry element | RICS NEWS |
| 942 ## - ADDED ENTRY ELEMENTS (KOHA) | |
| Suppress in OPAC | 0 |
| Withdrawn status | Lost status | Source of classification or shelving scheme | Damaged status | Not for loan | Home library | Current library | Shelving location | Date acquired | Total Checkouts | Full call number | Barcode | Date last seen | Copy number | Price effective from | Koha item type |
|---|---|---|---|---|---|---|---|---|---|---|---|---|---|---|---|
| Dewey Decimal Classification | London | London | News article | 01/02/2001 | WB3705-35 | 110723-1001 | 06/08/2019 | 1 | 06/08/2019 | News article |